Countries with the Most Internet Hosts - Statistics

General Stats
  • This quiz has been taken 111 times
  • The average score is 18 of 21
Answer Stats
Internet Hosts Country % Correct
505,000,000 United States
100%
20,602,000 China
99%
8,743,000 Canada
98%
20,043,000 Germany
98%
6,746,000 India
98%
8,107,000 United Kingdom
98%
17,266,000 France
97%
64,453,000 Japan
97%
14,865,000 Russia
96%
25,662,000 Italy
95%
26,577,000 Brazil
94%
16,233,000 Mexico
93%
17,081,000 Australia
90%
5,978,000 Sweden
82%
11,232,000 Argentina
81%
13,265,000 Poland
79%
13,699,000 Netherlands
77%
7,093,000 Turkey
71%
5,192,000 Belgium
68%
6,272,000 Taiwan
58%
5,301,000 Switzerland
54%
No matching quizzes found
Score Distribution
Percent of People with Each Score
Percentile by Number Answered
Your Score History
You have not taken this quiz